Level Up! The Guide to Great Video Game Design

If you want to design and build cutting-edge video games but aren't sure where to start, then the third edition of the acclaimed Level Up! is for you! Written by leading video game expert Scott Rogers, who has designed for the hits Pac-Man World, God of War, Maximo and SpongeBob SquarePants, th...

Full description

Saved in:
Bibliographic Details
Main Author Rogers, Scott
Format Electronic eBook
LanguageEnglish
Published Hoboken, New Jersey : John Wiley & Sons, Inc. [2025]
EditionThird edition
Subjects
Online AccessFull text
ISBN9781394298778
9781394298785
9781394298761
Physical Description1 online zdroj

Cover

LEADER 00000nam a2200000 i 4500
001 115500
003 CZ-ZlUTB
005 20260416143926.0
006 m o d
007 cr |||||||||||
008 241119s2025 enk o 000 0 eng d
040 |a EBZ  |b eng  |c EBZ  |e rda 
020 |a 9781394298778  |q (electronic bk.) 
020 |a 9781394298785  |q (electronic bk.) 
020 |z 9781394298761 
100 1 |a Rogers, Scott. 
245 1 0 |a Level Up! The Guide to Great Video Game Design /  |c Rogers, Scott. 
250 |a Third edition 
264 1 |a Hoboken, New Jersey :  |b John Wiley & Sons, Inc.  |c [2025] 
300 |a 1 online zdroj 
336 |a text  |b txt  |2 rdacontent 
337 |a počítač  |b c  |2 rdamedia 
338 |a online zdroj  |b cr  |2 rdacarrier 
506 |a Plný text je dostupný pouze z IP adres počítačů Univerzity Tomáše Bati ve Zlíně nebo vzdáleným přístupem pro zaměstnance a studenty 
520 |a If you want to design and build cutting-edge video games but aren't sure where to start, then the third edition of the acclaimed Level Up! is for you! Written by leading video game expert Scott Rogers, who has designed for the hits Pac-Man World, God of War, Maximo and SpongeBob SquarePants, this updated edition provides clear and well-thought-out examples that forgo theoretical gobbledygook with charmingly illustrated concepts and solutions based on years of professional experience. The book teaches you how to develop marketable ideas, learn what perils and pitfalls await during a game's pre-production, production and post-production stages, and provide even more creative ideas to serve as fuel for your own projects. 
650 0 |a Video games  |x Programming. 
650 0 |a Video games  |x Design. 
655 7 |a elektronické knihy  |7 fd186907  |2 czenas 
655 9 |a electronic books  |2 eczenas 
856 4 0 |u https://search.ebscohost.com/login.aspx?direct=true&scope=site&db=nlebk&db=nlabk&AN=4087870&authtype=ip,shib&custid=s3936755 
992 |c EBOOK-TN  |c EBSCO 
993 |x NEPOSILAT  |y EIZ 
999 |c 115500  |d 115500